| 000 | 00893nam a2200265 i 4500 | ||
|---|---|---|---|
| 001 | 47467 | ||
| 003 | ES-MaACL | ||
| 005 | 20230906161553.0 | ||
| 007 | t| | ||
| 008 | 030428s2002 sp |||| | spa j | ||
| 020 | _a84-8432-366-8 | ||
| 080 | _a338.1(460)"09/19" | ||
| 245 | 0 | 0 |
_aHistoria económica de España _b: siglos X-XX / _cFrancisco Comín, Mauro Hernández y Enrique LLopis (eds.). |
| 260 |
_aBarcelona : _bCrítica, _c[2002] |
||
| 300 |
_a509 p. : _bgráf. ; _c23 cm. |
||
| 490 | 1 | _aCrítica/historia del mundo moderno | |
| 504 | _aBibliografía. | ||
| 651 | 4 |
_aEspaña- _xSituación económica- _vHistoria. _9156949 |
|
| 700 | 1 |
_aComín, Francisco. _940008 |
|
| 700 | 1 |
_aHernández Benítez, Mauro. _962889 |
|
| 700 | 1 |
_aLlopis Agelán, Enrique. _972836 |
|
| 830 | 0 |
_aCrítica/historia del mundo moderno _9180564 |
|
| 852 |
_aES-MaACL _jL-26254 |
||
| 999 |
_c47467 _d47467 |
||